Bradlan týždenník Okresného národného výboru na Myjave

Bibliographic Details
Corporate Authors: Myjava Okresný národný výbor (Publisher), Kníhtlačiareň Daniela Pažického (Myjava, Slovensko) (tlač.)
Other Authors: Nemečkay, D. (Publishing director)
Format: Journal
Language:Slovak
PhysicalDescription:4 čís. 32 x 47 cm
Published: Myjava ONV na Myjave 1945
Subjects:

MARC

LEADER 00000nas a22000001a 4500
001 vtls010301032
003 SK-MaSNL
005 20260228162923.0
008 110810d19451945xo wr p r 0 b0slo
015 |a SNBDS17XX9999 
015 |a 0057  |2 Balúnová 1945-60 
038 |a SNKBUDS 
040 |a SNK  |b slo  |c SNK  |e AACR2 
041 0 |a slo 
044 |a xo  |c SK 
080 |a 316.728  |2 2001 
245 0 0 |a Bradlan  |b týždenník Okresného národného výboru na Myjave 
260 |a Myjava  |b ONV na Myjave  |c 1945 
300 |a 4 čís.  |c 32 x 47 cm 
310 |a 1x týždenne 
362 0 |a Roč. I, č. 1 (1.5.1945)-č. 4 (20.5.1945) 
500 |a Vych. na Myjave týždenne 
500 |a Zodp. red. D. Nemečkay 
500 |a Vyd. ONV na Myjave 
500 |a Tlač. Kníhtlačiareň Daniela Pažického na Myjave 
500 |a Vych. od 1. mája 1945. Posl. č. 4 z 20. mája 1945 
505 8 0 |g Roč. I. 1945 4 č. po 2-4 s. 
650 0 7 |a verejný a spoločenský život  |2 SNKBUDS  |9 265569 
651 7 |a Myjava (Slovensko : okres)  |2 SNKBUDS  |9 15013 
655 7 |a regionálne časopisy  |2 SNKBUDS  |9 265646 
700 1 |a Nemečkay, D.  |4 pbd  |9 272506 
710 1 |a Myjava  |b Okresný národný výbor  |e vydav.  |9 272507 
710 2 |a Kníhtlačiareň Daniela Pažického (Myjava, Slovensko)  |e tlač.  |9 272508 
852 |a SNK  |b 10000  |h ČSA 399 
852 |a UKB  |b 300000  |h SAA 232 
999 |c 8556  |d 10486